Sports Marketing (Record no. 1029)

MARC details
005 - DATE AND TIME OF LATEST TRANSACTION
control field 20250621113206.0
020 ## - INTERNATIONAL STANDARD BOOK NUMBER
International Standard Book Number 978-0-07-312821-4
082 ## - DEWEY DECIMAL CLASSIFICATION NUMBER
Classification number 796.069 FUL
100 ## - MAIN ENTRY--PERSONAL NAME
Author name FULLERTON, S.
245 ## - TITLE STATEMENT
Title Sports Marketing
260 ## - PUBLICATION, DISTRIBUTION, ETC.
Place of publication, distribution, etc. Boston,
Name of publisher, distributor, etc. McGraw-Hill,
Date of publication, distribution, etc. 2007.
300 ## - PHYSICAL DESCRIPTION
Extent xvi, 480p.: ill.; figure, table, picture
Other physical details Index,
Dimensions 26cm.
942 ## - ADDED ENTRY ELEMENTS (KOHA)
Source of classification or shelving scheme Dewey Decimal Classification
Koha item type Books
Holdings
Date last seen Total checkouts Full call number Barcode Cost, replacement price Price effective from Koha item type Lost status Source of classification or shelving scheme Damaged status Not for loan Withdrawn status Home library Current library Shelving location Date acquired Cost, normal purchase price
03/20/2025   796.069 FUL 0000003997 150000.00 03/20/2025 Books   Dewey Decimal Classification       College of Business Education Main Library College of Business Education Main Library General Collection 03/20/2025 50000.00
03/20/2025   796.069 FUL 0000003998 150000.00 03/20/2025 Books   Dewey Decimal Classification       College of Business Education Main Library College of Business Education Main Library General Collection 03/20/2025 50000.00
03/20/2025   796.069 FUL 0000003999 150000.00 03/20/2025 Books   Dewey Decimal Classification       College of Business Education Main Library College of Business Education Main Library General Collection 03/20/2025 50000.00